Ginny and Georgia Characters by Picture - Statistics

General Stats
  • This quiz has been taken 587 times
    481 since last reset
  • The average score is 20 of 32
Answer Stats
Picture Answer % Correct
Georgia
100%
Ginny
100%
Austin
94%
Marcus
94%
Maxine
94%
Abby
90%
Paul
90%
Joe
87%
Hunter
82%
Zion
76%
Norah
75%
Ellen
70%
Gil
68%
Sophie
68%
Padma
65%
Cynthia
64%
Wolfe
62%
Samantha
61%
Silver
58%
Matt
57%
Brodie
55%
Nick
53%
Zach
50%
Bracia
49%
Simone
44%
Gabriel
40%
Jordan
35%
Tris
34%
Clint
32%
Mr Gitten
28%
Lynette
25%
Brion
13%
No matching quizzes found
Score Distribution
Percent of People with Each Score
Percentile by Number Answered
Your Score History
You have not taken this quiz since the last reset